Process engineering for pollution control and waste minimization / (Record no. 332198)

000 -LEADER
fixed length control field 01214pam a2200301 a 4500
001 - CONTROL NUMBER
control field 2525673
003 - CONTROL NUMBER IDENTIFIER
control field NUST
005 - DATE AND TIME OF LATEST TRANSACTION
control field 20171117114023.0
008 - FIXED-LENGTH DATA ELEMENTS--GENERAL INFORMATION
fixed length control field 931126s1994 nyua b 001 0 eng
010 ## - LIBRARY OF CONGRESS CONTROL NUMBER
LC control number 93046011
020 ## - INTERNATIONAL STANDARD BOOK NUMBER
International Standard Book Number 0824791614 (alk. paper)
040 ## - CATALOGING SOURCE
Original cataloging agency DLC
Transcribing agency DLC
Modifying agency DLC
050 00 - LIBRARY OF CONGRESS CALL NUMBER
Classification number TD191.5
Item number .P76 1994
082 00 - DEWEY DECIMAL CLASSIFICATION NUMBER
Classification number 628.5 DON
Edition number 20
245 00 - TITLE STATEMENT
Title Process engineering for pollution control and waste minimization /
Statement of responsibility, etc. Edited by Donald L. Wise, Debra J. Trantolo.
260 ## - PUBLICATION, DISTRIBUTION, ETC.
Place of publication, distribution, etc. New York :
Name of publisher, distributor, etc. M. Dekker,
Date of publication, distribution, etc. c1994.
300 ## - PHYSICAL DESCRIPTION
Extent x, 730 p. :
Other physical details ill. ;
Dimensions 27 cm.
440 #0 - SERIES STATEMENT/ADDED ENTRY--TITLE
Title Environmental science and pollution control series ;
Volume/sequential designation 7
9 (RLIN) 6506
500 ## - GENERAL NOTE
General note H.B
504 ## - BIBLIOGRAPHY, ETC. NOTE
Bibliography, etc. note Includes bibliographical references and index.
650 #0 - SUBJECT ADDED ENTRY--TOPICAL TERM
Topical term or geographic name entry element Pollution.
9 (RLIN) 2629
650 #0 - SUBJECT ADDED ENTRY--TOPICAL TERM
Topical term or geographic name entry element Waste minimization.
9 (RLIN) 6410
700 1# - ADDED ENTRY--PERSONAL NAME
Personal name Wise, Donald L.
Fuller form of name (Donald Lee),
Dates associated with a name 1937-
9 (RLIN) 6507
700 1# - ADDED ENTRY--PERSONAL NAME
Personal name Trantolo, Debra J.
9 (RLIN) 6508
856 42 - ELECTRONIC LOCATION AND ACCESS
Materials specified Publisher description
Uniform Resource Identifier <a href="http://www.loc.gov/catdir/enhancements/fy0647/93046011-d.html">http://www.loc.gov/catdir/enhancements/fy0647/93046011-d.html</a>
906 ## - LOCAL DATA ELEMENT F, LDF (RLIN)
a 7
b cbc
c orignew
d 1
e ocip
f 19
g y-gencatlg
942 ## - ADDED ENTRY ELEMENTS (KOHA)
Source of classification or shelving scheme
Koha item type Book
Call number prefix IESE
Holdings
Withdrawn status Lost status Source of classification or shelving scheme Damaged status Not for loan Collection code Permanent Location Current Location Shelving location Date acquired Total Checkouts Full call number Barcode Date last seen Price effective from Koha item type
            Institute of Environmental Science and Engineering (IESE) Institute of Environmental Science and Engineering (IESE) General Stacks 11/17/2017   628.5 DON IESE-1061 11/17/2017 11/17/2017 Book
© 2023 Central Library, National University of Sciences and Technology. All Rights Reserved.